000 00674nam a2200217 i 4500
001 146252
003 ES-MaACL
005 20230906201452.0
007 t|
008 070905s1967 sp |||| | spa d
080 _a308(4)"13/15"(091)
080 _a338(4)"13/15"(091)
080 _a330.342.14(091)
245 0 3 _aLa transición del feudalismo al capitalismo /
_cP.M. Sweezy, M. Dobb, K. Takahashi ; [traducción: Ramón Padilla].
260 _aMadrid :
_bCiencia Nueva,
_c[1967]
300 _a149 p. ;
_c22 cm.
650 _aCapitalismo-
_vHistoria.
_9158177
700 1 _aSweezy, P. M.
_9108934
700 1 _aPadilla, Ramón.
_988180
852 _aES-MaACL
_jC-33270
999 _c146252
_d146252